| 000 | 00666cam a2200157ua 4500 | ||
|---|---|---|---|
| 041 |
_aeng _h |
||
| 082 |
_a636.29 _bIND/AN |
||
| 110 | 1 |
_aIndian Council of agricultural Research . _b _c() |
|
| 245 |
_aAnatomy of the OX / _cIndian Council of agricultural Research. _hTextual Documents |
||
| 250 |
_a1 / _b. |
||
| 260 |
_a : _bIndian Council of agricultural Research , _c1964. |
||
| 300 | _a760 ; . | ||
| 504 | _a | ||
| 942 | _cBK | ||
| 999 |
_c3362 _d3362 |
||